Predictive modular neural networks : applications to time series

Αποθηκεύτηκε σε:
Λεπτομέρειες βιβλιογραφικής εγγραφής
Κύριος συγγραφέας: Πετρίδης, Βασίλειος
Άλλοι συγγραφείς: Κεχαγιάς, Αθανάσιος
Μορφή: Βιβλίο
Γλώσσα:English
Δημοσίευση: Boston ; Dordrecht : Kluwer Academic publishers, c1998.
Σειρά:Kluwer international series in engineering and computer science
Θέματα:
Ετικέτες: Προσθήκη ετικέτας
Δεν υπάρχουν, Καταχωρήστε ετικέτα πρώτοι!

MARC

LEADER 00000cam a2200000 i 4500
001 1/98580
008 000127s1998 mau| ||| |||| ||eng||
020 |a 0792382900 
035 |l 10056566 
040 |a GR-MyUA  |b gre  |e AACR2 
041 0 |a eng 
082 0 |a 006.32 
100 1 |a Πετρίδης, Βασίλειος. 
245 1 0 |a Predictive modular neural networks :   |b applications to time series /   |c by Vassilios Petridis and Athanasios Kehagias.  
260 |a Boston ;   |a Dordrecht :   |b Kluwer Academic publishers,   |c c1998.  
300 |a xi, 314 σ. :   |b εικ. ;   |c 25 εκ.  
490 1 |a (Kluwer international series in engineering and computer science)  
504 |a Περιέχει βιβλιογραφικές αναφορές.  
650 0 0 |a Neural networks (Computer science) 
700 1 |a Κεχαγιάς, Αθανάσιος. 
830 0 |a Kluwer international series in engineering and computer science 
852 |a INST  |b SAMOS  |e 20000127  |h 006.32 ΠΕΤ  |p 005300015945  |q 005300015945  |t BK  |y 0 
901 |a BIBL3-2000-1 
909 |a Σ  |b 071228 
922 |a 3ΕΛΗ  |b 199912  |c ΤΠΕΣ  |d ΠΑΠΑΣΩΤΗΡΙΟΥ 
950 |a 133-1999-07-20 
970 |a ΓΕΝΟΥΖΟΥ  |b ΧΡΥΣΑΝΘΗ  |z 2000/01/27